[Event "Llinars del Valles op-A 4th"]
[Site "Llinars del Valles"]
[Date "2010.04.10"]
[Round "1"]
[White "Rodriguez Martinez, Juan P"]
[Black "Norte Garcia, Andrea"]
[Result "0-1"]
[WhiteElo "1989"]
[BlackElo "1772"]
[PlyCount "144"]
[EventDate "2010.04.10"]
[EventType "swiss"]
[EventRounds "7"]
[EventCountry "ESP"]
[SourceTitle "EXT 2012"]
[Source "ChessBase"]
[SourceDate "2011.11.24"]
[SourceVersion "1"]
[SourceVersionDate "2011.11.24"]
[SourceQuality "1"]

1. e4 c5 2. Nf3 e6 3. d4 cxd4 4. Nxd4 a6 5. Nc3 Qc7 6. Bd3 Nf6 7. Be3 Bb4 8. 0-0 Nc6 9. f4 d6 10. Qe2 0-0 11. Kh1 e5 12. Nxc6 Qxc6 13. fxe5 dxe5 14. Rxf6 Qxf6 15. Nd5 Qd6 16. Nb6 Rb8 17. Qf2 Be6 18. a3 Ba5 19. Nc4 Bxc4 20. Bc5 Qc7 21. Bxc4 Rfc8 22. b4 b5 23. Bb3 Bb6 24. Bxb6 Rxb6 25. Bxf7+ Kh8 26. Bb3 Rf6 27. Qe2 Rcf8 28. h3 Qc3 29. Rd1 Qg3 30. Rg1 Rf2 31. Qd1 Qg5 32. Qd6 Rf1 33. Qc5 Rxg1+ 34. Kxg1 Qc1+ 35. Kh2 Qf4+ 36. Kg1 h6 37. Bd5 Qf1+ 38. Kh2 Qf2 39. Qe7 Qf6 40. Qc5 Rd8 41. Qc7 Qd6 42. Qb7 Rf8 43. Qa7 Rc8 44. Qf7 Qf6 45. Qd7 Qf8 46. Bb3 Rd8 47. Qg4 Qf4+ 48. Qxf4 exf4 49. e5 g5 50. Kg1 Kg7 51. Kf2 Re8 52. e6 Kf6 53. Kf3 h5 54. h4 Re7 55. Ke4 gxh4 56. Kxf4 Rg7 57. Bd5 Rg4+ 58. Ke3 Rg3+ 59. Bf3 Kxe6 60. Ke4 Rg5 61. Kf4 Rf5+ 62. Ke4 Kf6 63. Ke3 Kg5 64. Bc6 Rf7 65. Bd5 Rc7 66. Bb3 Kg4 67. Kf2 Rc3 68. Be6+ Kg5 69. Bb3 Kf4 70. a4 bxa4 71. Bxa4 Rc4 72. Bb3 Rxb4 0-1